000
00277nam a2200109Ia 4500
008
200302s9999 xx 000 0 und d
100
_a
Joe G. Eisley
245
_a
Mechanics of Elastic Structures
260
_b
Prentice Hall International Ltd.
260
_c
1989
300
_a
448 P.,
999
_c
958
_d
958